Democracia y religión: lógicas culturales y lógicas de la acción /

Es tomado de la Revista Internacional de Ciencias Sociales. El autor analiza la relación entre religión, como elemento cultural y democracia representativa. Democracia y religión: lógicas culturales y lógicas de la acción Bardie. El autor señala que el redescubrimiento del análisis cultural ha trans...

ver descrição completa

Na minha lista:
Detalhes bibliográficos
Autor principal: Badie, Bertrand
Formato: Texto
Assuntos:
Tags: Adicionar Tag
Sem tags, seja o primeiro a adicionar uma tag!

MARC

LEADER 00000 a a2200000 04500
001 4260
003
040
090 |a REV0229 (75) 1994  
100 |a Badie, Bertrand  
245 |a Democracia y religión:   |b lógicas culturales y lógicas de la acción /  |c Bertrand Badie 
520 |a Es tomado de la Revista Internacional de Ciencias Sociales. El autor analiza la relación entre religión, como elemento cultural y democracia representativa. Democracia y religión: lógicas culturales y lógicas de la acción Bardie. El autor señala que el redescubrimiento del análisis cultural ha transformado radicalmente las ideas básicas de la sociología de la democracia. Desde esta nueva perspectiva se estaría percibiendo una superioridad de la cultura democrática sobre otras formas de cultura. Como cultura y religión están estrechamente relacionadas estarían transfiriéndose conjeturas a este terreno. El autor expresa que estos análisis adolecen de una falta de rigor de las lógicas culturales y de un ocultamiento de las lógicas estratégicas. REV//jmml  
650 |a POLITICA  
650 |a PARTICIPACION POLITICA  
650 |a DEMOCRACIA  
650 |a RELIGION  
773 |g número 75; páginas 35-55  
999 |c 36315  |d 36315